000 00455cam a2200169ua 4500
003 OSt
008 250619b |||||||| |||| 00| 0 eng d
020 _a81-204-0656-7
041 _aeng
082 _a624.1834
_bKUR/MI
100 _aKurian , Nainan P .
_97589
245 _aMicroconcrete: The modelling material for concrete /
250 _a1 /
260 _aNew Delhi :
_bOxford & IBH Publishing company ,
_c1992.
300 _a82 ; .
942 _cBK
999 _c10234
_d10234